000 00524nam a2200193Ia 4500
005 20250508164913.0
008 008 250505s9999 xx 000 0 eng d
037 _aDissertations
040 _aFEDL
_beng
_cFEDL
041 _aeng
_2eng
084 _a530.07, RUC/DI
_qFEDL
100 _aRuchi
245 0 _aFear of physics : An exploratory study
260 _c2000
300 _a164p.
546 _aM.Ed. Dissertation (Delhi University)
942 _cDIS
_h530.07, RUC/DI
999 _c1391911
_d1391911